Internet of Things (Record no. 12300)

MARC details
000 -LEADER
fixed length control field 00362nam a22001577a 4500
003 - CONTROL NUMBER IDENTIFIER
control field OSt
008 - FIXED-LENGTH DATA ELEMENTS--GENERAL INFORMATION
fixed length control field 240326b |||||||| |||| 00| 0 eng d
020 ## - INTERNATIONAL STANDARD BOOK NUMBER
International Standard Book Number 9780190121099
082 ## - DEWEY DECIMAL CLASSIFICATION NUMBER
Classification number 004.678 DUI
100 ## - MAIN ENTRY--PERSONAL NAME
Personal name DURBHA,Surya
245 ## - TITLE STATEMENT
Title Internet of Things
260 ## - PUBLICATION, DISTRIBUTION, ETC. (IMPRINT)
Place of publication, distribution, etc New Delhi
Name of publisher, distributor, etc Oxford
Date of publication, distribution, etc 2021
300 ## - PHYSICAL DESCRIPTION
Extent 412
700 ## - ADDED ENTRY--PERSONAL NAME
Personal name JOGLEKAR,Jyoti
942 ## - ADDED ENTRY ELEMENTS (KOHA)
Source of classification or shelving scheme Dewey Decimal Classification
Koha item type Reference Books
Holdings
Withdrawn status Lost status Source of classification or shelving scheme Damaged status Not for loan Collection code Home library Current library Date acquired Source of acquisition Currency Cost, normal purchase price Bill Number Total Checkouts Full call number Acc. no. / Barcode Date last seen Actual Cost, discounted price Bill Date Koha item type Public note
    Dewey Decimal Classification     B.Tech(CSE) PIET C-LIBRARY PIET C-LIBRARY 06/03/2024 Atlantic Publishers In rupees 675.00 CUST103184   004.678 DUI 35624 26/03/2024 540.00 06/03/2024 Reference Books Decentralisation
    Dewey Decimal Classification     B.Tech(IT) PIET C-LIBRARY PIET C-LIBRARY 29/01/2026 Book House INR 675.00 CM563   004.678 DUI 39838 12/02/2026 573.75 29/01/2026 Text Books Decentrilization

Design & Developed by: PIET Central Library
R70 Miles Stone Pattikalyana Samalkha Panipat 132102
mail ID :- [email protected], Phone No:- 0180-2569700 Ex.216